| 000 | 00767nam a22002297a 4500 | ||
|---|---|---|---|
| 005 | 20100805130932.0 | ||
| 010 | _aENG-98367 | ||
| 020 | _c70.00 | ||
| 035 | _aEN-81900 | ||
| 037 | _bDBAD/PUB | ||
| 082 | _a338.10954 | ||
| 100 |
_aBalakrishnan, G. _98496 |
||
| 245 |
_aAgricultural economy of india / _cby G.Balkrishnan |
||
| 260 |
_aCoimbatore _b Atcharapurriswara Publications _c2008 |
||
| 270 |
_bCoimbatore _e641008 |
||
| 300 |
_a126p. _c20cm (pbk) |
||
| 650 |
_aAgricultural economy aspect _98497 |
||
| 650 | _aindia | ||
| 650 |
_aeconomic policy _91373 |
||
| 942 |
_2ddc _cEN _h338.10954 _mBAL |
||
| 999 |
_c39422 _d39422 |
||